| 000 | 00755nam a2200229Ia 4500 | ||
|---|---|---|---|
| 003 | GCL | ||
| 008 | 140319s9999 xx 000 0 ara d | ||
| 020 | _a4046779960 | ||
| 040 |
_aGCL / _cGCL |
||
| 082 | 0 | 4 |
_a809 _bع ا |
| 100 | 1 | _aعلى شلش | |
| 245 | 1 | 0 |
_aالادب المقارن : _bبين التجربتين الامريكية والعربية / _cعلى شلش |
| 250 | _aالاولى | ||
| 260 |
_aالرياض : _bدار الفيصل الثقافية ، _c1995 |
||
| 300 |
_a192 ص ؛ _c24 سم |
||
| 490 |
_aاصدارات دار الفيصل الثقافية _v4 |
||
| 650 | 0 | 4 | _aالادب العربى |
| 650 | 0 | 4 | _aالادب |
| 650 | 0 | 4 | _aالادب المقارن |
| 650 | 0 | 4 | _aالادب الامريكى |
| 942 |
_2ddc _cBK |
||
| 999 |
_c47498 _d47498 |
||